Lineamientos curriculares para la educación sexual integral: programa nacional de educación sexual integral: ley nacional nº 26150 /

Guardado en:
Autor Corporativo: Ministerio de Educación de la Nación.
Formato: Libro
Publicado: Buenos Aires : Ministerio de Educación de la Nación, 2022.
Edición:1a ed. ampliada.
Materias:
Esi
Etiquetas: Agregar Etiqueta
Sin Etiquetas, Sea el primero en etiquetar este registro!
LEADER 01087nam a22002415a 4500
001 CEM.cems020711
008 231129s2022##################000#0#####d
005 20231129182348.0
245 1 0 |a Lineamientos curriculares para la educación sexual integral: programa nacional de educación sexual integral: ley nacional nº 26150 /  |c Ministerio de Educación de la Nación. 
250 |a 1a ed. ampliada. 
260 |a Buenos Aires :  |b Ministerio de Educación de la Nación,  |c 2022. 
300 |a 64 p. 
505 0 |a Programa Nacional de Educación Sexual Integral -- Ley Nacional N°26150 -- Res. CFE N° 45/08 -- Res. CFE N° 340/18 -- Res. CFE N° 419/22 
020 |a 9789500015950 
110 2 |a Ministerio de Educación de la Nación. 
082 0 4 |a 371.76 
653 |a Educación sexual 
653 |a Sexualidad 
653 |a Educación sexual integral 
653 |a Esi 
859 |a CEMS  |b BIB. CEMS - 11 de abril  |h 371.76  |i Ar37-1  |p 29843.23  |t Ej. 1 
859 |a CEMS  |b BIB. CEMS - 11 de abril  |h 371.76  |i Ar37-1  |p 29668.23  |t Ej.2 
859 |a CEMS  |b BIB. CEMS - 11 de abril  |h 371.76  |i Ar37-1  |p 29669.23  |t Ej.3